Kalvach P. a kol.: Mozkové ischemie a hemoragie

Bibliographic Details
Main Author: Bernadič, Marián, 1952- (Author)
Format: Article
Language:Slovak
Subjects:

MARC

LEADER 00000nab a2200000 a 4500
001 vtls000692542
003 SK-MaSNL
005 20260302180313.0
008 140414c1999 xo 0 slo
015 |a SNBRB1999/04-09838 
035 |a CLN000044709 
040 |a SNKBUCL  |b slo  |c SNKBUCL  |e AACR2 
041 0 |a slo 
044 |a xo  |c SK 
080 |a 616.831-005(048)  |2 1997 
100 1 |a Bernadič, Marián,  |d 1952-  |4 aut  |9 137185 
245 1 0 |a Kalvach P. a kol.: Mozkové ischemie a hemoragie  |c M. Bernadič 
300 |b Obr. 
650 0 7 |a mozog  |x ischémia  |x krvácanie  |x monografie  |x r ecenzie  |2 snkbucl  |9 889150 
650 0 7 |a ischémia  |x mozog  |2 snkbucl  |9 889151 
650 0 7 |a krvácanie  |x mozog  |2 snkbucl  |9 889152 
655 7 |a články z novín a časopisov  |2 snkbucl  |9 267496 
773 0 |t Bratislavské lekárske listy  |g Roč. 100, č. 4 (1999), s. 214  |x 0006-9248 
787 0 8 |i Rec.:  |a Kalvach, Pavel  |t Mozkové ischemie a hemoragie  |d Praha : Grada Publishing, 1997 
850 |a Slovenská národná knižnica v Martine 
852 |a SNK  |b KIS3GCP 
992 |a RBX 
999 |c 1410100  |d 1412030